000 00250nam a2200109Ia 4500
005 20251222141811.0
008 251222s9999||||xx |||||||||||||| ||spa||
082 _a891.36/T68A/1960
100 _a"Tolstoi, Leín"
245 0 _aAna Karenina
942 _cLIB
999 _c6491
_d6491